000 00314nam a22001457a 4500
008 210511b ||||| |||| 00| 0 eng d
020 _a9780314472175
041 _aeng
080 _22nd
_a32
082 _a32
100 _a20
101 _aSHP
245 _aPolitics in America
_cLe Loup,L.T
942 _2udc
_cBK
999 _c57197
_d57197